00606nam a22002052a 45000010005000000030008000050050017000130080041000300350050000710400032001210410008001530820018001611000025001792450042002042600056002463000034003025040020003366500024003566500020003809801BD-RjUL20211208234835.0140121r19571930nyua 001 0 eng d aOCLC ocm21534075 from D950330Ma(BD-RjUL)9846 aBBHcBBHdEQOdBD-RjULbeng aeng a531bBRV 19301 aBrand, Louis,d1885-10aVectorial mechanics /cby Louis Brand aNew York :bJ. Wiley & sons,cc1930 [Reprint 1957]. axvii, 556 p. :bill. ;c23 cm aIncludes index. 0aMechanics, Analytic 0aVector analysis